| 000 | 00734cab a22001935a 4500 | ||
|---|---|---|---|
| 001 | L157359 | ||
| 008 | 121031e20121020xxk 000 0 eng d | ||
| 035 | _a(Sirsi) u157359 | ||
| 041 | 0 | _aeng | |
| 100 | 1 | _aBinns, Simon | |
| 245 | 0 | 0 |
_aFocus _bNorth East |
| 260 | _c2012 | ||
| 490 |
_aEstates Gazette _v(1242) 20 October 2012, 77-87(10) |
||
| 520 | _aInvestigates whether the North East's regional authorities can come together to attract investment after government cuts have caused the closure of One North East, a £90m a year regional development agnecy. Includes information on Newcastle City Council and student housing. | ||
| 590 | _aKA | ||
| 690 |
_aCommercial property _96227 |
||
| 700 | 1 | _aHamilton, Helen | |
| 942 | _n0 | ||
| 999 |
_c84351 _d84351 |
||